Loading...
| Science - Physics | 0 | 5 | 1 | 0 | 45 | 32 | 58.80 | 0 | 3 | 0.00 | 0.00 |
| Science - Chemistry | 0 | 3 | 0 | 0 | 30 | 82 | 102.33 | 0 | 1 | 0.00 | 0.00 |
| History - Other | 0 | 3 | 1 | 1 | 25 | 92 | 99.67 | 0 | 0 | 0.00 | 0.00 |
| Literature - British | 0 | 2 | 0 | 0 | 20 | 84 | 105.00 | 0 | 0 | 0.00 | 0.00 |
| Social Science | 0 | 2 | 0 | 0 | 20 | 52 | 70.00 | 0 | 1 | 0.00 | 0.00 |
| Philosophy | 0 | 2 | 0 | 0 | 20 | 53 | 73.00 | 0 | 0 | 0.00 | 0.00 |
| Popular Culture | 0 | 2 | 0 | 0 | 20 | 34 | 53.50 | 0 | 2 | 0.00 | 0.00 |
| Religion | 0 | 2 | 0 | 1 | 20 | 61 | 85.50 | 0 | 0 | 0.00 | 0.00 |
| History - World | 0 | 3 | 2 | 0 | 20 | 66 | 80.67 | 0 | 1 | 0.00 | 0.00 |
| Fine Arts - Other | 0 | 2 | 0 | 1 | 20 | 68 | 86.00 | 0 | 1 | 0.00 | 0.00 |
| History - European | 0 | 1 | 0 | 0 | 10 | 38 | 38.00 | 0 | 1 | 0.00 | 0.00 |
| Literature - European | 0 | 1 | 0 | 0 | 10 | 115 | 115.00 | 0 | 0 | 0.00 | 0.00 |
| History - American | 0 | 1 | 0 | 0 | 10 | 85 | 85.00 | 0 | 1 | 0.00 | 0.00 |
| Science - Other | 0 | 3 | 4 | 1 | 10 | 80 | 93.00 | 0 | 0 | 0.00 | 0.00 |
| Current Events | 0 | 1 | 1 | 0 | 5 | 55 | 55.00 | 1 | 1 | 0.00 | 0.00 |
| Literature - American | 0 | 1 | 1 | 0 | 5 | 96 | 96.00 | 0 | 0 | 0.00 | 0.00 |
| Science - Biology | 0 | 1 | 1 | 0 | 5 | 65 | 65.00 | 0 | 0 | 0.00 | 0.00 |
| Mythology | 0 | 0 | 1 | 0 | -5 | 0.00 | 0 | 0 | 0.00 | 0.00 |